Phonological skills and learning to read

Guardat en:
Dades bibliogràfiques
Autors principals: Goswami, Usha (Autor), Bryant, Peter (Autor)
Format: Llibre
Idioma:anglès
Publicat: Mahwah Lawrence Erlbaum Associates 1990
Col·lecció:Essays in Developmental Psychology
Matèries:
Etiquetes: Afegir etiqueta
Sense etiquetes, Sigues el primer a etiquetar aquest registre!

MARC

LEADER 00000nam a2200000 a 4500
001 UCT8362
003 CL-VaPUC
008 970326e19900000us |||||||||||||||||eng|d
082 0 4 |a 372.414  |b GOS  |2 21 
100 |a Goswami, Usha  |e author  |9 518769 
700 0 |a Bryant, Peter  |e author  |9 380064 
245 1 0 |a Phonological skills and learning to read 
300 |a 166 p 
942 |c BK 
945 |d 19970326 00:00:00  |a nastorga 
260 |a Mahwah  |b Lawrence Erlbaum Associates  |c 1990 
650 0 |a Fonología   |9 341074 
650 0 |a Métodos de enseñanza  |9 270413 
650 0 |a Lectura  |9 307634 
650 0 |a Desarrollo del lenguaje   |9 311270 
650 0 |a Alfabeto  |9 372724 
650 0 |a Niños  |9 255605 
650 0 |a Lenguaje infantil   |9 314705 
583 |a last modification  |c 20171120 06:10:42  |k Rodrigo Vera 
490 0 |a Essays in Developmental Psychology 
999 |c 256870  |d 256868 
952 |0 0  |1 0  |4 0  |6 372_414000000000000_GOS_1990  |7 0  |8 A  |9 279925  |a FDOPOS  |b FDOPOS  |d 2019-11-19  |i 3294706  |o 372.414 GOS 1990  |p 3294706  |r 2025-01-22  |w 2019-11-19  |y BK  |k MLA